International institutions in world history (Registro nro. 317113)

Detalles MARC
000 -ENCABEZADO
Número de control [NR] 00866nam a2200229 c 4500
005 - FECHA Y HORA DE LA ÚLTIMA TRANSACCIÓN
control field 20200310120241.0
008 - DE LONGITUD FIJA DE DATOS DE ELEMENTOS - INFORMACIÓN GENERAL
Elementos de longitud fija [NR] 200310s2017 enk |||fr|||| 00| 0 eng d
020 ## - NUMERO INTERNACIONAL NORMALIZADO PARA LIBROS [R]
Número Internacional Normalizado del libro [NR] 9781138221628
040 ## - FUENTE DE CATALOGACION [NR]
Agencia de catalogación original [NR] CO-BoUCM
Idioma de catalogación [NR] spa
Quien Cataloga Deissy Garcia
Quien Clasifica Deissy Garcia
041 0# - CODIGO DE IDIOMA [R]
Código de idioma para texto/pista de sonido o título separado [R] Inglés
100 1# - ASIENTO PRINCIPAL--NOMBRE PERSONAL [NR]
Nombre personal [NR] Schouenborg, Laust
ID Autoridad 100324
245 10 - MENCION DE TITULO [NR]
Título [NR] International institutions in world history
Parte restante del título [NR] divorcing international relations theory from the state and stage models
Mención de responsabilidad, etc. [NR] Laust Schouenborg
260 ## - PUBLICACION, DISTRIBUCION, ETC. (PIE DE IMPRENTA) [R]
Nombre del editor, distribuidor, etc. [R] Routledge
Fecha de publicación, distribución, etc. [R] 2017
Lugar de publicación, distribución, etc. [R] Londres
300 ## - DESCRIPCION FISICA [R]
Extensión [R] x, 175 páginas
490 0# - MENCION DE SERIE [R]
Mención de serie [R] Worlding beyond the west
504 ## - NOTA DE BIBLIOGRAFIA, ETC. [R]
Nota de bibliografía, etc. [NR] Incluye referencias bibliográficas e índices
650 17 - ASIENTO SECUNDARIO DE MATERIA - TERMINO TEMATICO [R]
Término temático o nombre geográfico como elemento de entrada [NR] Relaciones internacionales
9 (RLIN) 8042
650 17 - ASIENTO SECUNDARIO DE MATERIA - TERMINO TEMATICO [R]
9 (RLIN) 17767
Término temático o nombre geográfico como elemento de entrada [NR] Instituciones sociales
650 17 - ASIENTO SECUNDARIO DE MATERIA - TERMINO TEMATICO [R]
Término temático o nombre geográfico como elemento de entrada [NR] Organismos internacionales
9 (RLIN) 20845
942 ## - ELEMENTOS DE ENTRADA AGREGADOS (KOHA)
Tipo de ítem principal el descrito en 300a Libro
Sistema de clasificación DEWEY
Tema principal Derecho
Edición 20
Clasificación 341.2
Parte restante de la signatura top. S376i
Existencias
Total préstamos Signatura topográfica Código de barras Última vez visto Ejemplar Costo de reposición Price effective from Tipo de ítem Perdido Sistema de clasificación Dañado No prestable Tipo de ítem específico Suprimido Ubicación habitual Ubicación actual Localización Fecha de creación Proveedor Forma de adquisición Costo
  341.2 S376i 100165639 04/12/2025 Ej.1 26000.00 30/01/2020 Libro   DEWEY     Libro   Claustro Claustro 3er piso 30/01/2020 12 Donación 0.00